| 000 | 00438nam a2200133Ia 4500 | ||
|---|---|---|---|
| 008 | 170221s9999 xx 000 0 und d | ||
| 100 | _aJames D. Rose | ||
| 245 | _aDevelopment of Moral Reasoning at a Higher Education Institution in Nigeria | ||
| 245 | _cJames D. Rose | ||
| 260 | _c2012 | ||
| 300 | _a32 : 15 | ||
| 650 | _xBusiness | ||
| 856 | _uhttp://www.regent.edu/acad/global/publications/elj/vol5iss1/ELJ_Vol5No1_Rose_pp81-101.pdf | ||
| 999 |
_c311346 _d311346 |
||